000 00704nam a22002057a 4500
999 _c22545
_d22545
003 AR-CdUCM
008 190423b ||||| |||| 00| 0 spa d
040 _aMUNICIPALIDAD PROVINCIAL DEL CUSCO
_cBIBLIOTECA MUNICIPAL DEL CUSCO
082 _aES/869.56/M253S4
_bM253S4
100 _aMaquén Gamarra, José Félix
_948470
245 _aSirenita mutishca :
_bcuentos y relatos amazónicos /
_cJosé Félix Maquén Gamarra
260 _aSan Martín :
_bTrazos,
_c2019.
300 _a79 páginas. :
_bilustraciones ;
_c21 cm.
650 _aCuentos peruanos
_948471
650 _aCuentos de costumbres
_948472
650 _aAmazonía
_93433
650 _aSiglo XX
_948469
942 _2ddc
_cLIBROS
945 _arac